Statistics for Flags of Latin America

Click here to take the quiz!

General Stats

  • This quiz has been taken 61 times
  • The average score is 16 of 21

Answer Stats

Answer % Correct
Brazil
100%
Mexico
100%
Argentina
98%
Venezuela
93%
Uruguay
86%
Panama
86%
Cuba
84%
Chile
82%
Colombia
80%
Honduras
77%
Dominican Republic
77%
Nicaragua
68%
Peru
68%
Costa Rica
66%
Ecuador
66%
Guatemala
64%
El Salvador
64%
Belize
64%
Haiti
61%
Bolivia
55%
Paraguay
52%

Score Distribution

Percentile by Number Answered

Percent of People with Each Score

Your Score History

You have not taken this quiz